000 00642nam a2200253Ia 4500
001 44047
005 20240114003613.0
007 ta
008 090219s1962 g b000 u 465 u
040 _aCotton College,Assam
041 _a465
082 _a541.3
_bm 896 In
100 _aMukherje, S. N .
245 0 _aIntroduction to physical chemistry /
_cS. N Mukherjee.
_hTextual Documents
250 _a2nd /
260 _aCalcutta :
_bArt Union ,
_c1962.
300 _a427p. ;
_c22 cm..
362 _aVol. I-
653 _aT/G-Chemistry
942 _2ddc
_cBK
999 _c44013
_d44013